LEADER 03299nam 2200601 a 450 001 9910452060603321 005 20200520144314.0 010 $a1-281-11319-0 010 $a9786611113193 010 $a0-8213-6932-6 035 $a(CKB)1000000000480597 035 $a(EBL)459406 035 $a(OCoLC)290490799 035 $a(SSID)ssj0000088383 035 $a(PQKBManifestationID)11997941 035 $a(PQKBTitleCode)TC0000088383 035 $a(PQKBWorkID)10071585 035 $a(PQKB)11499143 035 $a(MiAaPQ)EBC459406 035 $a(Au-PeEL)EBL459406 035 $a(CaPaEBR)ebr10197135 035 $a(CaONFJC)MIL111319 035 $a(EXLCZ)991000000000480597 100 $a20061221d2007 uf 0 101 0 $aeng 135 $aur|n|---||||| 181 $ctxt 182 $cc 183 $acr 200 00$aMore than a pretty picture$b[electronic resource] $eusing poverty maps to design better policies and interventions /$fedited by Tara Bedi, Aline Coudouel, Kenneth Simler 210 $aWashington, D.C. $cWorld Bank$dc2007 215 $a1 online resource (308 p.) 300 $aDescription based upon print version of record. 311 $a0-8213-6931-8 320 $aIncludes bibliographical references and index. 327 $aPoverty maps for policy making: beyond the obvious targeting applications -- Increasing the impact of poverty maps : beyond the technical exercise -- Constructing and using poverty maps for policy making : the Albania experience -- The geography of monetary poverty in Bolivia : lessons from poverty maps -- Poverty map country application : Bulgaria -- To use or not to use? : poverty mapping experience in Cambodia -- Poverty maps of Yunnan Province : potential usages and lessons for scaling-up in China -- The 1990 and 2001 Ecuador poverty maps -- Indonesia's poverty maps : impacts and lessons -- Poverty maps and public policy : lessons from Mexico -- Poverty map country application : Morocco -- Sri Lanka poverty map : policy impacts and lessons -- Thailand's poverty map : from construction to application -- Poverty mapping : experience from Vietnam. 330 $aThe allocation of resources and the design of policies tailored to local-level conditions require highly disaggregated information. Data on poverty at the local level is typically not available because most household surveys are not representative past the regional level. This volume aims to promote the effective use of Small Area Estimation poverty maps in policy making. It presents the range of policies and interventions which have been informed by poverty maps, focusing on the political economy of poverty maps and the key elements to their effective use by policy makers. The volume also loo 606 $aPoverty$xMaps$vCase studies 606 $aPoverty$xGovernment policy$vCase studies 608 $aElectronic books. 615 0$aPoverty$xMaps 615 0$aPoverty$xGovernment policy 676 $a362.5/561 701 $aBedi$b Tara$f1978-$0870946 701 $aCoudouel$b Aline$0870947 701 $aSimler$b Kenneth$0870948 801 0$bMiAaPQ 801 1$bMiAaPQ 801 2$bMiAaPQ 906 $aBOOK 912 $a9910452060603321 996 $aMore than a pretty picture$91944247 997 $aUNINA LEADER 01782nas 2200529-a 450 001 9910145096303321 005 20240413030127.0 035 $a(CKB)991042737735692 035 $a(CONSER)cn-89033083- 035 $a(EXLCZ)99991042737735692 100 $a19890816b19871988 --- a 101 0 $aeng 181 $ctxt$2rdacontent 182 $cc$2rdamedia 183 $acr$2rdacarrier 200 00$aPalestine bulletin 210 $aOttawa $cPalestine Information Office$d[1987?-1988] 215 $a1 online resource 300 $aTitle from caption. 300 $aNo. 26 (June 9, 1988) has title: Newsleatter. 311 08$aPrint version: Palestine bulletin. 0845-8375 (DLC)cn 89033083 (OCoLC)1081146832 531 0 $aPalest. bull. 606 $aPalestinian Arabs$vPeriodicals 606 $aJewish-Arab relations$vPeriodicals 606 $aPalestiniens$xPériodiques 606 $aRelations judéo-arabes$xPériodiques 606 $aJewish-Arab relations$2fast$3(OCoLC)fst00983106 606 $aPalestinian Arabs$2fast$3(OCoLC)fst01051590 607 $aPalestine$xPeriodicals 607 $aPalestine$xPériodiques 607 $aMiddle East$zPalestine$2fast 608 $aPeriodicals.$2fast 615 0$aPalestinian Arabs 615 0$aJewish-Arab relations 615 6$aPalestiniens$xPériodiques. 615 6$aRelations judéo-arabes$xPériodiques. 615 7$aJewish-Arab relations. 615 7$aPalestinian Arabs. 676 $a956.94/005 686 $acci1icc$2lacc 712 02$aArab Information Centre (Ottawa, Ont. : 198-) 712 02$aPalestine Information Office (Ottawa, Ont.) 906 $aJOURNAL 912 $a9910145096303321 920 $aexl_impl conversion 996 $aPalestine bulletin$92439181 997 $aUNINA